[Event "ESP-ch Amateurs U1700"]
[Site "Murcia"]
[Date "2022.09.03"]
[Round "7.5"]
[White "Gomez Lobato Lanzarote, Ricardo"]
[Black "Salguero Roldan, Francisco"]
[Result "1-0"]
[WhiteElo "1592"]
[BlackElo "1663"]
[PlyCount "53"]
[EventDate "2022.08.30"]
[EventType "swiss"]
[EventRounds "9"]
[EventCountry "ESP"]
[SourceTitle "EXT 2024"]
[Source "ChessBase"]
[SourceDate "2023.10.10"]
[SourceVersion "1"]
[SourceVersionDate "2023.10.10"]
[SourceQuality "1"]

1. e4 e5 2. d4 exd4 3. Qxd4 Nc6 4. Qe3 Nf6 5. Bc4 Qe7 6. Nc3 d6 7. f3 Be6 8. Bb5 Bd7 9. Bd2 a6 10. Bxc6 Bxc6 11. Nge2 g6 12. g4 Bg7 13. Nf4 Qe5 14. Nd3 Qe7 15. 0-0-0 b6 16. Nb4 Bb7 17. g5 Nd7 18. Ncd5 Qd8 19. Bc3 0-0 20. Bxg7 Kxg7 21. Qc3+ f6 22. gxf6+ Nxf6 23. Qxc7+ Qxc7 24. Nxc7 Rfc8 25. Nxa8 Bxa8 26. Rxd6 a5 27. Nd5 1-0

[Event "Andalucia-chB"]
[Site "Algeciras"]
[Date "2018.05.19"]
[Round "3"]
[White "Salguero Roldan, Francisco"]
[Black "Sanchez Escabias, Blas"]
[Result "1-0"]
[WhiteElo "1708"]
[BlackElo "1577"]
[PlyCount "87"]
[EventDate "2018.05.18"]
[EventType "swiss"]
[EventRounds "6"]
[EventCountry "ESP"]
[SourceTitle "EXT 2020"]
[Source "ChessBase"]
[SourceDate "2019.10.17"]
[SourceVersion "1"]
[SourceVersionDate "2019.10.17"]
[SourceQuality "1"]

1. e4 e6 2. d4 d5 3. Nc3 Nf6 4. Bg5 Be7 5. e5 Nfd7 6. Bxe7 Qxe7 7. f4 a6 8. Nf3 c5 9. Be2 Nc6 10. Qd2 c4 11. 0-0 0-0 12. Nd1 b5 13. a3 Bb7 14. Ne3 g6 15. Bd1 a5 16. c3 b4 17. Ba4 b3 18. Qf2 Nb6 19. Bxc6 Bxc6 20. Ng4 Nd7 21. Qg3 h5 22. Ne3 Kh8 23. Rae1 Rg8 24. Qh3 Rg7 25. Ng5 Nf8 26. Ng4 Nh7 27. Nxh7 hxg4 28. Qh4 Rxh7 29. Qxe7 Re8 30. Qf6+ Kg8 31. Qg5 Rh5 32. Qxg4 Kg7 33. Rf3 Reh8 34. h3 Rh4 35. Qg3 R8h5 36. Ref1 Bd7 37. Qf2 Kh7 38. g4 Rh6 39. Qg2 Kh8 40. Rg3 Kh7 41. f5 exf5 42. gxf5 Bc6 43. fxg6+ fxg6 44. Rf7+ 1-0